Normale Ansicht
MARC-Ansicht
Eintrag Personenname
001 - Kontrollnummer
- Kontrollfeld: 67360
003 - Kontrollnummer Identifier
- Kontrollfeld:
005 - Datum und Zeit der letzten Transaktion
- Kontrollfeld: 20251020125509.0
008 - Datenelemente mit fester Länge
- Kontrollfeld mit fester Länge: 251020|| aca||aabn | a|a d
040 ## - Katalogisierungsquelle
- Original-Katalogisierungsstelle:
- Übertragungsstelle:
100 ## - Ansetzung - Personenname
- Personenname: Shengelia, Kakha
- Datumsangaben in Verbindung mit einem Namen: 1970-
670 ## - Datenquelle
- Quellenangabe: Work cat.: ()73047: Shengelia, Kakha 1970- Verfasser (DE-588)139794182 aut, History of Georgia